| 000 | 00692nam a2200229 4500 | ||
|---|---|---|---|
| 999 |
_c10853 _d10853 |
||
| 001 | 10853 | ||
| 003 | BD-JhCC | ||
| 005 | 20190623091331.0 | ||
| 008 | 190522b2018 bd ||||| a||| 00| 0 be d | ||
| 020 | _a9789845261104 | ||
| 035 | _a(BD-JhCC)10853 | ||
| 040 |
_aBD-JhCC _dBD-JhCC |
||
| 041 | _aben | ||
| 082 |
_bROY 2018 _a615.2 |
||
| 100 | _aরায়, মৃত্যুঞ্জয় | ||
| 245 |
_aঔষধি গাছ / _cমৃত্যুঞ্জয় রায় |
||
| 260 |
_aঢাকা, বাংলাদেশ: _bঅনিন্দ প্রকাশ, _c2018. |
||
| 300 |
_a159 p., V-1 _c20cm. |
||
| 650 | _a Herbal Medicine | ||
| 942 |
_2ddc _cBK |
||